000 00429nam a2200193Ia 4500
005 20240823035123.0
008 240823s9999||||xx |||||||||||||| ||und||
020 _a983-9541-04-8
041 _aENGLISH
082 _A297 M2
100 _aMuhammad Asad
245 0 _aIslam at the Crossroads
250 _a1st
260 _c1982
_bThe Other
500 _aYES
650 _aIslam
_bGeneral
942 _cBK
999 _c199929
_d199929